| 000 | 00805nam a22002777a 4500 | ||
|---|---|---|---|
| 005 | 20190320151924.0 | ||
| 008 | 170330b xxu||||| |||| 00| 0 spa d | ||
| 020 | _a9786071709912 | ||
| 041 | _aspa | ||
| 082 | _a1.10.13 C266s3 | ||
| 100 |
_aCárdenas Tabares, Fabio _916058 |
||
| 245 | _aLa segmentación del mercado turístico | ||
| 260 | _aMéxico | ||
| 260 | _bTrillas | ||
| 260 | _c2012 | ||
| 300 | _a144 páginas | ||
| 650 |
_aMERCADEO TURÍSTICO _91910 |
||
| 650 |
_aPRODUCTO TURÍSTICO _9931 |
||
| 650 |
_aPLANEAMIENTO _916060 |
||
| 650 |
_aCOMERCIALIZACIÓN TURÍSTICO _941781 |
||
| 650 |
_aSEGMENTACIÓN DE MERCADOS _96113 |
||
| 650 |
_aCLIENTE _91451 |
||
| 650 |
_aINVESTIGACIÓN TURÍSTICA DE MERCADOS _941782 |
||
| 650 |
_aPROCEDIMIENTO DE PLANIFICACIÓN _941783 |
||
| 942 | _cBK | ||
| 999 |
_c9184 _d9184 |
||